Tennis - Le top 20 du classement ATP au 1er janvier 2018 - Statistiques

Statistiques générales
  • Ce quiz a été pris 37 fois
  • Le résultat moyen est 16 sur 20
Statistiques - réponses
Rang Joueur Pays Âge Points % Correct
1 Rafael Nadal Espagne 31 10 645
100%
2 Roger Federer Suisse 36 9 605
100%
4 Alexander Zverev Allemagne 20 4 610
97%
15 Jo-Wilfried Tsonga France 32 2 320
97%
12 Novak Djokovic Serbie 30 2 585
97%
5 Dominic Thiem Autriche 24 4 015
94%
3 Grigor Dimitrov Bulgarie 26 5 150
91%
9 Stan Wawrinka Suisse 32 3 150
91%
7 David Goffin Belgique 27 3 775
88%
6 Marin Cilic Croatie 29 3 805
88%
16 Andy Murray Royaume-Uni 30 2 290
85%
11 Juan Martin Del Potro Argentine 29 2 595
85%
14 Kevin Anderson Afrique du Sud 31 2 480
76%
17 John Isner États-Unis 32 2 265
74%
20 Roberto Bautista Agut Espagne 29 2 015
71%
18 Lucas Pouille France 23 2 235
65%
19 Tomas Berdych Tchéquie 32 2 095
62%
10 Pablo Carreno Busta Espagne 26 2 615
59%
8 Jack Sock États-Unis 25 3 165
32%
13 Sam Querrey États-Unis 30 2 535
29%
Aucun quiz correspondant
Distribution des résultats
% des personnes avec chaque résultat
Percentile par nombre de réponses
Votre historique - résultats
Vous n’avez pas pris ce quiz